000 02801nam0a2200565 4500
001 RU\NLR\bibl\1688945
005 20260408002152.0
010 _a978-5-94789-422-6
_92000
021 _aRU
_b2010-72354
_94792
035 _a(nilc)LIBNET\0000073572
035 _a1VIL\RUSMED\0000178359
035 _a(NLR Aleph) 001680093
090 _a1095798
_c1095798
100 _a20101011d2010 |||y0rusy50 ca
101 0 _arus
102 _aRU
105 _aa |||||||||
200 1 _aКомплекс аппаратно-программный КАП-ЭЛМ-01 "Андро-Гин" в урологической и гинекологической практике
_eсборник статей
_e(наука и практика)
_fЗАО "Янинвест"
210 _aМосква
_cЯнинвест
_aТверь
_cТриада
_d2010
215 _a323 с.
_cил.
_d21
225 1 _aЛучшие медицинские технологии в России
320 _aБиблиогр. в конце отд. ст. и в подстроч. прим.
606 1 _aУРОЛОГИЧЕСКИЕ БОЛЕЗНИ
_xтерапия
_jсборники
_2rus_mesh
_3R14787-27.1
606 1 _aUROLOGIC DISEASES
_xtherapy
_2rus_mesh
_3E14787-27.1
606 1 _aЖЕНСКИЕ БОЛЕЗНИ
_xтерапия
_jсборники
_2rus_mesh
_3R5955-27.1
606 1 _aGENITAL DISEASES, FEMALE
_xtherapy
_2rus_mesh
_3E5955-27.1
606 1 _aФИЗИОТЕРАПИИ МЕТОДЫ
_jсборники
_2rus_mesh
_3R46355
606 1 _aPHYSICAL THERAPY MODALITIES
_2rus_mesh
_3E46355
606 1 _a"Андро-Гин", аппаратно-программный комплекс
_jСборники
_xПрименение в урологии
_92606815
_3RU\NLR\auth\661543373
606 1 _a"Андро-Гин", аппаратно-программный комплекс
_jСборники
_xПрименение в гинекологии
_92606819
_3RU\NLR\auth\661543377
686 _a76.29.43
_2rugasnti
686 _a76.29.48
_2rugasnti
686 _a76.29.60
_2rugasnti
686 _aC12.777 - терапия
_v2010
_2MESH
686 _aC13.351.968 - терапия
_v2010
_2MESH
686 _aC12.777 - therapy
_v2010
_2MESH
686 _aC13.351.968 - therapy
_v2010
_2MESH
686 _aC13.351.500 - терапия
_v2010
_2MESH
686 _aC13.351.500 - therapy
_v2010
_2MESH
686 _aE02.779
_v2010
_2MESH
686 _aР696-54с5я4
686 _aР71-54с5я4
712 0 2 _4570
_a"Янинвест", закрытое акционерное общество
_cМосква
_3RU\NLR\AUTH\8810166553
_9829034
801 0 _aRU
_bЦНМБ
_c20101011
_gPSBO
801 1 _aRU
_bЦНМБ
_c20101011
801 2 _aRU
_bЦНМБ
_c20101015
801 2 _aRU
_bNLR
_c20101019
_grcr
942 _cBOOK
980 _aNB